| 000 | 01562nam0a2200361 4500 | ||
|---|---|---|---|
| 001 | RU\NLR\bibl\1260278 | ||
| 005 | 20250615131020.0 | ||
| 010 |
_a978-5-9925-0127-8 _93000 |
||
| 021 |
_aRU _b2008-47255 _92610 |
||
| 035 | _a(NLR Aleph) 001246278 | ||
| 090 |
_a290575 _c290575 |
||
| 100 | _a20080811d2008 |||y0rusy50 ca | ||
| 101 | 0 | _arus | |
| 102 | _aRU | ||
| 105 | _aa ||||||||| | ||
| 200 | 1 |
_aЛогопедические занятия со школьниками (1-5 класс) _eкнига для логопедов, психологов, социальных педагогов _f[Меттус Е.В., Литвина А.В., Турта О.С. и др.] |
|
| 210 |
_aСанкт-Петербург _cКаро _d2008 |
||
| 215 |
_a107, [1] с. _cсхем. _d21 |
||
| 225 | 1 | _aМастер-класс логопеда | |
| 300 | _aАвт. указаны на обороте тит. л. | ||
| 320 | _aБиблиогр.: с. 106 | ||
| 606 | 1 |
_aШколы _xЛогопедическая помощь _92536314 _3RU\NLR\auth\661501949 |
|
| 606 | 1 |
_aДисграфия детей _xИсправление _92450314 _3RU\NLR\auth\661456924 |
|
| 686 | _aЧ437.42 | ||
| 686 | _aЧ437.93 | ||
| 701 | 1 |
_aМеттус _bЕ. В. _gЕлена Валентиновна _4070 |
|
| 701 | 1 |
_aЛитвина _bА. В. _gАнна Валерьевна _4070 |
|
| 701 | 1 |
_aТурта _bО. С. _gОльга Сергеевна _4070 |
|
| 801 | 0 |
_aRU _bNLR _c20080811 _gRCR |
|
| 801 | 1 |
_aRU _bNLR _c20080811 |
|
| 942 | _cBOOK | ||
| 980 | _aNB | ||